[Event "GER-chT U20 Girls"]
[Site "Braunschweig"]
[Date "2019.12.28"]
[Round "3.3"]
[White "Wiesner, Paula"]
[Black "Peglau, Mirjam"]
[Result "1/2-1/2"]
[WhiteElo "1955"]
[BlackElo "1916"]
[PlyCount "42"]
[EventDate "2019.12.27"]
[EventType "team-swiss"]
[EventRounds "7"]
[EventCountry "GER"]
[SourceTitle "CBM 194 Extra"]
[Source "ChessBase"]
[SourceDate "2020.03.31"]
[SourceVersion "1"]
[SourceVersionDate "2020.03.31"]
[SourceQuality "1"]
[WhiteTeam "Lichtenberg Borussia"]
[BlackTeam "Seeblick"]
[WhiteTeamCountry "GER"]
[BlackTeamCountry "GER"]

1. d4 Nf6 2. c4 e6 3. Nc3 Bb4 4. e3 0-0 5. Nge2 Re8 6. a3 Bf8 7. Ng3 d5 8. cxd5 exd5 9. Bd3 c6 10. 0-0 Bg4 11. Qc2 Nbd7 12. Kh1 Bd6 13. Nf5 Bxf5 14. Bxf5 Nf8 15. f3 g6 16. Bd3 Ne6 17. Qf2 Qb6 18. e4 Qxd4 19. Qxd4 Nxd4 20. Bg5 Be7 21. Bxf6 Bxf6 1/2-1/2

[Event "GER-chT Lands U20"]
[Site "Wuerzburg"]
[Date "2019.10.05"]
[Round "6.1"]
[White "Braeutigam, Katerina"]
[Black "Wiesner, Paula"]
[Result "0-1"]
[WhiteElo "1778"]
[BlackElo "1958"]
[PlyCount "52"]
[EventDate "2019.10.01"]
[EventType "team-swiss"]
[EventRounds "7"]
[EventCountry "GER"]
[SourceTitle "EXT 2020"]
[Source "ChessBase"]
[SourceDate "2019.10.17"]
[SourceVersion "1"]
[SourceVersionDate "2019.10.17"]
[SourceQuality "1"]
[WhiteTeam "Schleswig Holstein"]
[BlackTeam "Berlin"]
[WhiteTeamCountry "GER"]
[BlackTeamCountry "GER"]

1. e4 e6 2. d4 d5 3. exd5 exd5 4. Bd3 c5 5. dxc5 Bxc5 6. Ne2 Nf6 7. 0-0 0-0 8. h3 h6 9. Nd2 Nc6 10. Nb3 Bd6 11. c3 Re8 12. Ned4 a6 13. Bc2 Bc7 14. Be3 Qd6 15. Nf3 Ne4 16. Nbd4 Na5 17. Ne2 Qg6 18. Kh1 Bd7 19. Qxd5 Bc6 20. Qd1 Nc4 21. Bc1 Qf6 22. Ned4 Rad8 23. Bd3 Ne5 24. Bxe4 Bxe4 25. Be3 Nxf3 26. gxf3 Qe5 0-1

[Event "GER-chT U20 Girls"]
[Site "Osnabrueck"]
[Date "2018.12.28"]
[Round "3.1"]
[White "Wiesner, Paula"]
[Black "Rosmait, Emily"]
[Result "1-0"]
[WhiteElo "1966"]
[BlackElo "1911"]
[PlyCount "67"]
[EventDate "2018.12.27"]
[EventType "team-swiss"]
[EventRounds "7"]
[EventCountry "GER"]
[SourceTitle "CBM 188 Extra"]
[Source "ChessBase"]
[SourceDate "2019.02.26"]
[SourceVersion "1"]
[SourceVersionDate "2019.02.26"]
[SourceQuality "1"]
[WhiteTeam "Lichtenberg Borussia"]
[BlackTeam "Harksheide"]
[WhiteTeamCountry "GER"]
[BlackTeamCountry "GER"]

1. d4 d6 2. e4 Nf6 3. Bd3 Nbd7 4. f4 c5 5. e5 Nd5 6. e6 N7f6 7. Bb5+ Nd7 8. exd7+ Bxd7 9. Bxd7+ Qxd7 10. c4 Nf6 11. dxc5 0-0-0 12. Nf3 Qc7 13. Qe2 e6 14. Nc3 d5 15. b4 h6 16. Nb5 Qb8 17. Qe5 a6 18. Qxb8+ Kxb8 19. Nd6 Bxd6 20. cxd6 Rxd6 21. Bb2 Rb6 22. Bxf6 gxf6 23. cxd5 exd5 24. a3 a5 25. Rb1 Re6+ 26. Kf2 axb4 27. Rxb4 Rc8 28. Rd1 Rc5 29. Nd4 Re4 30. Nb3 Rcc4 31. Rxc4 dxc4 32. Rd4 Re7 33. Rxc4 Ka7 34. Nd2 1-0

[Event "Youth District Germany"]
[Site "Wuerzburg"]
[Date "2018.10.07"]
[Round "7.4"]
[White "Chassard, Cedric"]
[Black "Wiesner, Paula"]
[Result "1/2-1/2"]
[WhiteElo "1786"]
[BlackElo "1969"]
[PlyCount "60"]
[EventDate "2018.10.02"]
[EventType "team-swiss"]
[EventRounds "7"]
[EventCountry "GER"]
[SourceTitle "CBM 186 Extra"]
[Source "ChessBase"]
[SourceDate "2018.08.24"]
[SourceVersion "1"]
[SourceVersionDate "2018.08.24"]
[SourceQuality "1"]
[WhiteTeam "Saarland U20"]
[BlackTeam "Berlin U20"]
[WhiteTeamCountry "GER"]
[BlackTeamCountry "GER"]

1. e4 e6 2. d4 d5 3. exd5 exd5 4. Bd3 c5 5. Nf3 c4 6. Be2 Nf6 7. 0-0 Bd6 8. Re1 0-0 9. b3 Qc7 10. bxc4 dxc4 11. c3 b5 12. Ba3 Bxa3 13. Nxa3 Qa5 14. Nb1 Nbd7 15. Qc2 Nd5 16. Ng5 N7f6 17. Bf3 Bb7 18. Bxd5 Bxd5 19. Nd2 Rfe8 20. Re5 h6 21. Ngf3 Rxe5 22. Nxe5 Re8 23. a3 Ba8 24. a4 Nd5 25. Qf5 f6 26. Qd7 Rd8 27. Qe6+ Kh7 28. Qf5+ Kg8 29. Qe6+ Kh7 30. Qf5+ Kg8 1/2-1/2

[Event "Youth District Germany"]
[Site "Wuerzburg"]
[Date "2018.10.03"]
[Round "2.5"]
[White "Genov, Valentin"]
[Black "Wiesner, Paula"]
[Result "0-1"]
[WhiteElo "1756"]
[BlackElo "1969"]
[PlyCount "54"]
[EventDate "2018.10.02"]
[EventType "team-swiss"]
[EventRounds "7"]
[EventCountry "GER"]
[SourceTitle "CBM 186 Extra"]
[Source "ChessBase"]
[SourceDate "2018.08.24"]
[SourceVersion "1"]
[SourceVersionDate "2018.08.24"]
[SourceQuality "1"]
[WhiteTeam "Hamburg U20"]
[BlackTeam "Berlin U20"]
[WhiteTeamCountry "GER"]
[BlackTeamCountry "GER"]

1. d4 d5 2. c4 c6 3. Nc3 e6 4. Nf3 dxc4 5. a4 Bb4 6. e4 b5 7. Bg5 Ne7 8. Be2 Bb7 9. 0-0 a6 10. Ne5 0-0 11. Bg4 Nd7 12. f4 Nxe5 13. fxe5 Qd7 14. Be3 Qc7 15. Qe2 Rad8 16. Qf2 c5 17. axb5 cxd4 18. Bxd4 Rxd4 19. Qxd4 Bc5 20. Rad1 Bxd4+ 21. Rxd4 Qc5 22. Rfd1 Rd8 23. Ne2 axb5 24. Kh1 Rxd4 25. Rxd4 Qc7 26. Nc3 Bc6 27. h3 h6 0-1

[Event "Pardubice Czech op-B 29th"]
[Site "Pardubice"]
[Date "2018.07.25"]
[Round "6"]
[White "Kourek, Josef"]
[Black "Wiesner, Paula"]
[Result "1-0"]
[WhiteElo "2080"]
[BlackElo "1974"]
[PlyCount "41"]
[EventDate "2018.07.20"]
[EventType "swiss"]
[EventRounds "9"]
[EventCountry "CZE"]
[SourceTitle "CBM 186 Extra"]
[Source "ChessBase"]
[SourceDate "2018.08.24"]
[SourceVersion "1"]
[SourceVersionDate "2018.08.24"]
[SourceQuality "1"]

1. c4 e6 2. Nc3 d5 3. d4 Nf6 4. Nf3 Be7 5. Bf4 0-0 6. e3 c5 7. Be2 cxd4 8. exd4 dxc4 9. 0-0 Nd5 10. Bg3 Nxc3 11. bxc3 b5 12. a4 Bd7 13. Ne5 a6 14. Bf3 Ra7 15. Qe2 Bf6 16. Rfb1 Bxe5 17. Qxe5 Qb6 18. a5 Qd8 19. Qc5 Nc6 20. Bxc6 Bxc6 21. Qxa7 1-0

[Event "Pardubice Czech op-B 29th"]
[Site "Pardubice"]
[Date "2018.07.23"]
[Round "4"]
[White "Balenovic, Zvonimir"]
[Black "Wiesner, Paula"]
[Result "1/2-1/2"]
[WhiteElo "2114"]
[BlackElo "1974"]
[PlyCount "82"]
[EventDate "2018.07.20"]
[EventType "swiss"]
[EventRounds "9"]
[EventCountry "CZE"]
[SourceTitle "CBM 186 Extra"]
[Source "ChessBase"]
[SourceDate "2018.08.24"]
[SourceVersion "1"]
[SourceVersionDate "2018.08.24"]
[SourceQuality "1"]

1. e4 e6 2. d4 d5 3. e5 c5 4. c3 Nc6 5. Nf3 Bd7 6. Be2 f6 7. exf6 Nxf6 8. 0-0 Bd6 9. Bg5 0-0 10. Re1 Qc7 11. Nbd2 Kh8 12. Bd3 Rae8 13. Bh4 Ng4 14. h3 Nh6 15. Ng5 Nf5 16. Qh5 h6 17. Bxf5 Rxf5 18. g4 Rff8 19. Nf7+ Kh7 20. g5 Bf4 21. Nf3 e5 22. g6+ Kg8 23. dxe5 Bxh3 24. Bg5 Bxg5 25. N3xg5 Bf5 26. Nh7 Rxf7 27. gxf7+ Qxf7 28. Nf6+ gxf6 29. Qxf5 fxe5 30. Qxf7+ Kxf7 31. f3 Ke6 32. Kf2 Rg8 33. Rh1 Rg6 34. Rag1 Kf6 35. Rd1 Ne7 36. Rh5 Ke6 37. Rdh1 Nf5 38. Re1 Kf6 39. Rd1 Ke6 40. Re1 Kf6 41. Rd1 Ke6 1/2-1/2

[Event "Pardubice Czech op-B 29th"]
[Site "Pardubice"]
[Date "2018.07.22"]
[Round "3"]
[White "Wiesner, Paula"]
[Black "Mulenko, Alexander"]
[Result "1/2-1/2"]
[WhiteElo "1974"]
[BlackElo "2109"]
[PlyCount "87"]
[EventDate "2018.07.20"]
[EventType "swiss"]
[EventRounds "9"]
[EventCountry "CZE"]
[SourceTitle "CBM 186 Extra"]
[Source "ChessBase"]
[SourceDate "2018.08.24"]
[SourceVersion "1"]
[SourceVersionDate "2018.08.24"]
[SourceQuality "1"]

1. e4 Nf6 2. Nc3 d5 3. exd5 Nxd5 4. Bc4 c6 5. Qf3 Be6 6. Nge2 Nc7 7. Bxe6 Nxe6 8. d3 g6 9. 0-0 Bg7 10. Be3 0-0 11. Rad1 Na6 12. d4 Nb4 13. d5 Nxd5 14. Nxd5 cxd5 15. Rxd5 Qc7 16. c3 Rad8 17. Rfd1 b6 18. Nf4 Nxf4 19. Bxf4 e5 20. Bg3 Rxd5 21. Rxd5 Qc4 22. b3 e4 23. bxc4 exf3 24. c5 Rc8 25. gxf3 Bxc3 26. cxb6 axb6 27. Be5 Bxe5 28. Rxe5 Rc2 29. Rb5 Rxa2 30. Rxb6 g5 31. Kg2 Ra4 32. Rb5 h6 33. Re5 Kg7 34. Re4 Ra5 35. Kg3 Kg6 36. f4 Ra3+ 37. Re3 Rxe3+ 38. fxe3 Kf5 39. fxg5 hxg5 40. h4 gxh4+ 41. Kxh4 Ke4 42. Kg5 f5 43. Kf6 Kxe3 44. Kxf5 1/2-1/2

[Event "GER-chT Lands U20"]
[Site "Hannover"]
[Date "2017.10.03"]
[Round "6.4"]
[White "Wiesner, Paula"]
[Black "Polster, Christian"]
[Result "1/2-1/2"]
[WhiteElo "2004"]
[BlackElo "2080"]
[PlyCount "66"]
[EventDate "2017.09.29"]
[EventType "team-swiss"]
[EventRounds "7"]
[EventCountry "GER"]
[SourceTitle "EXT 2018"]
[Source "ChessBase"]
[SourceDate "2017.10.13"]
[SourceVersion "1"]
[SourceVersionDate "2017.10.13"]
[SourceQuality "1"]
[WhiteTeam "Berlin U20"]
[BlackTeam "Niedersachsen U20"]
[WhiteTeamCountry "GER"]
[BlackTeamCountry "GER"]

1. d4 d5 2. c4 e6 3. Nc3 c6 4. e3 Nf6 5. Nf3 Nbd7 6. Bd3 dxc4 7. Bxc4 b5 8. Bd3 a6 9. 0-0 Bb7 10. Qe2 c5 11. Rd1 Qb6 12. Bc2 cxd4 13. exd4 Be7 14. Bg5 h6 15. Bh4 Nd5 16. Bxe7 Kxe7 17. Ne4 Rac8 18. Rac1 N7f6 19. Nxf6 Nxf6 20. Ne5 Rhd8 21. Qe3 Rd6 22. Rd2 Rcd8 23. Rcd1 Kf8 24. Qf4 Bc6 25. Nxc6 Qxc6 26. h3 Nd5 27. Qe5 Nb4 28. Bb3 Qb6 29. Qe4 Kg8 30. d5 Nxd5 31. Bxd5 exd5 32. Rxd5 Rxd5 33. Rxd5 Rxd5 1/2-1/2

[Event "GER-chT Lands U20"]
[Site "Hannover"]
[Date "2017.10.01"]
[Round "2.4"]
[White "Wiesner, Paula"]
[Black "Yi, Danny"]
[Result "0-1"]
[WhiteElo "2004"]
[BlackElo "2024"]
[PlyCount "119"]
[EventDate "2017.09.29"]
[EventType "team-swiss"]
[EventRounds "7"]
[EventCountry "GER"]
[SourceTitle "EXT 2018"]
[Source "ChessBase"]
[SourceDate "2017.10.13"]
[SourceVersion "1"]
[SourceVersionDate "2017.10.13"]
[SourceQuality "1"]
[WhiteTeam "Berlin U20"]
[BlackTeam "Wuerttemberg U20"]
[WhiteTeamCountry "GER"]
[BlackTeamCountry "GER"]

1. d4 Nf6 2. Nd2 d5 3. e3 c5 4. dxc5 Qa5 5. c4 dxc4 6. Bxc4 e6 7. Ngf3 Bxc5 8. 0-0 0-0 9. Nb3 Qc7 10. Nxc5 Qxc5 11. Qe2 Nc6 12. e4 Nd4 13. Nxd4 Qxd4 14. Bd3 Rd8 15. Rd1 e5 16. Be3 Qb4 17. Rac1 b6 18. a3 Qe7 19. Bd2 a5 20. Be3 Rd6 21. Bb5 Bb7 22. Rxd6 Qxd6 23. Rd1 Qe6 24. f3 h6 25. Qd3 Rc8 26. Ba4 Bc6 27. Bb3 Qe7 28. Bxb6 Qb7 29. Qe3 a4 30. Bc4 Bxe4 31. Bxf7+ Kxf7 32. fxe4 Rc6 33. Bd8 Qxb2 34. Qa7+ Kg6 35. Bxf6 Rxf6 36. Qc5 Qe2 37. Rc1 Qxe4 38. Qc2 Qxc2 39. Rxc2 Rf4 40. Rc3 Kf5 41. g3 Rd4 42. h3 Ke4 43. Kf2 Rd2+ 44. Ke1 Ra2 45. Rc7 g5 46. Rh7 Rxa3 47. Rxh6 Rxg3 48. h4 Ke3 49. Kf1 Rf3+ 50. Kg2 gxh4 51. Rxh4 e4 52. Rh8 a3 53. Ra8 Rf2+ 54. Kg3 Ra2 55. Ra7 Ra1 56. Kg2 a2 57. Ra8 Ke2 58. Ra7 e3 59. Ra8 Kd3 60. Rd8+ 0-1

[Event "GER-chT Lands U20"]
[Site "Hannover"]
[Date "2017.10.01"]
[Round "3.4"]
[White "Yankelevich, Michael"]
[Black "Wiesner, Paula"]
[Result "1-0"]
[WhiteElo "1964"]
[BlackElo "2004"]
[PlyCount "61"]
[EventDate "2017.09.29"]
[EventType "team-swiss"]
[EventRounds "7"]
[EventCountry "GER"]
[SourceTitle "EXT 2018"]
[Source "ChessBase"]
[SourceDate "2017.10.13"]
[SourceVersion "1"]
[SourceVersionDate "2017.10.13"]
[SourceQuality "1"]
[WhiteTeam "Rheinland Pfalz U20"]
[BlackTeam "Berlin U20"]
[WhiteTeamCountry "GER"]
[BlackTeamCountry "GER"]

1. d4 e6 2. c4 Bb4+ 3. Bd2 Qe7 4. g3 Nf6 5. Bg2 0-0 6. Nf3 Ne4 7. 0-0 Nxd2 8. Nbxd2 c5 9. d5 exd5 10. cxd5 d6 11. Nb3 Qc7 12. Rc1 b5 13. Nh4 a6 14. e4 Nd7 15. Nf5 Ne5 16. a3 Ba5 17. Nxd6 Qxd6 18. Nxa5 c4 19. Qd4 f5 20. f4 Nd3 21. e5 Nxc1 22. Rxc1 Qd7 23. d6 Qa7 24. Qxa7 Rxa7 25. Nc6 Rd7 26. Rd1 Re8 27. e6 Rxe6 28. Bd5 Rb7 29. Nd8 Kf8 30. Nxe6+ Bxe6 31. Bxb7 1-0

[Event "Pardubice Czech op-B 28th"]
[Site "Pardubice"]
[Date "2017.07.23"]
[Round "3"]
[White "Smirnov, Boris"]
[Black "Wiesner, Paula"]
[Result "1-0"]
[WhiteElo "2203"]
[BlackElo "2038"]
[PlyCount "113"]
[EventDate "2017.07.21"]
[EventType "swiss"]
[EventRounds "9"]
[EventCountry "CZE"]
[SourceTitle "CBM 179 Extra"]
[Source "ChessBase"]
[SourceDate "2017.08.23"]
[SourceVersion "1"]
[SourceVersionDate "2017.08.23"]
[SourceQuality "1"]

1. e4 e6 2. d4 d5 3. Bd3 c5 4. c3 cxd4 5. cxd4 dxe4 6. Bxe4 Nf6 7. Bf3 Nd5 8. Ne2 Be7 9. Nbc3 Nxc3 10. bxc3 0-0 11. 0-0 Nc6 12. Rb1 Bd6 13. c4 Qc7 14. g3 b6 15. Nc3 Bb7 16. Nb5 Qe7 17. c5 Bb8 18. Ba3 Rd8 19. cxb6 Qd7 20. bxa7 Bxa7 21. Nxa7 Rxa7 22. Bc5 Raa8 23. Bg2 Rab8 24. Qa4 Ba8 25. Rbd1 Ne5 26. Qxd7 Nxd7 27. Rb1 Bxg2 28. Kxg2 Ra8 29. Rb2 Nxc5 30. dxc5 Rdc8 31. Rc1 g6 32. Kf3 Rc6 33. Ke4 Kg7 34. Kd4 Ra5 35. Rb6 e5+ 36. Kd3 Rcxc5 37. Rxc5 Rxc5 38. a4 Rc1 39. a5 Ra1 40. a6 Ra2 41. Kc3 Rxf2 42. Kb3 Rf3+ 43. Ka4 Rf1 44. Rb3 Ra1+ 45. Ra3 Rd1 46. a7 Rd8 47. Kb5 Ra8 48. Ra6 Kh6 49. Kc6 Kg5 50. Kb7 Rxa7+ 51. Rxa7 Kg4 52. Kc6 e4 53. Rxf7 e3 54. Rxh7 e2 55. Re7 Kf3 56. Kd5 Kf2 57. h4 1-0

[Event "GER-chT Federal Cup (Women)"]
[Site "Braunfels"]
[Date "2017.06.18"]
[Round "5.1"]
[White "Wiesner, Paula"]
[Black "Klek, Hanna Marie"]
[Result "0-1"]
[WhiteElo "2068"]
[BlackElo "2368"]
[PlyCount "54"]
[EventDate "2017.06.15"]
[EventType "team-swiss"]
[EventRounds "5"]
[EventCountry "GER"]
[SourceTitle "CBM 179 Extra"]
[Source "ChessBase"]
[SourceDate "2017.08.23"]
[SourceVersion "1"]
[SourceVersionDate "2017.08.23"]
[SourceQuality "1"]
[WhiteTeam "Baden (W)"]
[BlackTeam "Bayern (W) II"]
[WhiteTeamCountry "GER"]
[BlackTeamCountry "GER"]

1. d4 Nf6 2. c4 e6 3. Nc3 Bb4 4. e3 0-0 5. Nge2 Re8 6. a3 Bf8 7. Ng3 d5 8. cxd5 exd5 9. Bd3 a5 10. 0-0 c6 11. f3 Na6 12. Kh1 Nc7 13. Bc2 Ne6 14. Nce2 g6 15. e4 h5 16. Nf4 Nxf4 17. Bxf4 h4 18. Ne2 h3 19. g3 dxe4 20. fxe4 Nxe4 21. Bb3 Be6 22. Be5 Bd5 23. Kg1 Rxe5 24. dxe5 Bc5+ 25. Nd4 Bxb3 26. Qxb3 Qxd4+ 27. Kh1 Nf2+ 0-1

[Event "GER-ch U18 Girls"]
[Site "Willingen"]
[Date "2017.06.06"]
[Round "5"]
[White "Moses, Selina"]
[Black "Wiesner, Paula"]
[Result "0-1"]
[WhiteElo "1865"]
[BlackElo "2019"]
[PlyCount "34"]
[EventDate "2017.06.04"]
[EventType "swiss"]
[EventRounds "9"]
[EventCountry "GER"]
[SourceTitle "CBM 178 Extra"]
[Source "ChessBase"]
[SourceDate "2017.06.22"]
[SourceVersion "1"]
[SourceVersionDate "2017.06.22"]
[SourceQuality "1"]

1. e4 e6 2. d4 d5 3. Nd2 Nc6 4. Ngf3 Nf6 5. e5 Nd7 6. Be2 f6 7. exf6 Qxf6 8. Nf1 e5 9. dxe5 Ndxe5 10. Qxd5 Be6 11. Qb5 0-0-0 12. Bg5 Bb4+ 13. N1d2 Bxd2+ 14. Bxd2 Bc4 15. Bg5 Nxf3+ 16. gxf3 Bxb5 17. Bxf6 Rde8 0-1

[Event "FRA-chT Top 12 (Women) GpA"]
[Site "Mulhouse"]
[Date "2017.05.08"]
[Round "5.2"]
[White "Wiesner, Paula"]
[Black "Vette, Valerie"]
[Result "1/2-1/2"]
[WhiteElo "2061"]
[BlackElo "1742"]
[PlyCount "99"]
[EventDate "2017.05.05"]
[EventType "team-tourn"]
[EventRounds "5"]
[EventCountry "FRA"]
[SourceTitle "CBM 178 Extra"]
[Source "ChessBase"]
[SourceDate "2017.06.22"]
[SourceVersion "1"]
[SourceVersionDate "2017.06.22"]
[SourceQuality "1"]
[WhiteTeam "Strasbourg (W)"]
[BlackTeam "Vaucluse (W)"]
[WhiteTeamCountry "FRA"]
[BlackTeamCountry "FRA"]

1. d4 Nf6 2. c4 e6 3. Nc3 Bb4 4. e3 c5 5. Nge2 Ne4 6. Qc2 d5 7. cxd5 exd5 8. dxc5 Qa5 9. Bd2 Nxd2 10. Qxd2 Qxc5 11. a3 Bxc3 12. Qxc3 Qxc3+ 13. Nxc3 Be6 14. Rd1 Nc6 15. Nxd5 0-0-0 16. Nf4 Bb3 17. Rc1 Kb8 18. Bc4 Bxc4 19. Rxc4 g5 20. Nh3 Ne5 21. Rd4 f6 22. Ke2 Rc8 23. f4 Nc4 24. Rc1 Nxb2 25. Rxc8+ Rxc8 26. fxg5 fxg5 27. Nxg5 Rg8 28. Ne6 Rxg2+ 29. Kf3 Rg8 30. e4 a5 31. Nf4 Kc7 32. e5 b5 33. Nd5+ Kb7 34. e6 Nc4 35. e7 Re8 36. Rf4 Ne5+ 37. Ke4 Ng6 38. Rf7 Kc6 39. Rxh7 Kc5 40. Rg7 Nxe7 41. Rxe7 Rh8 42. Nc3 Rxh2 43. Rc7+ Kb6 44. Nd5+ Ka6 45. Rc8 b4 46. axb4 axb4 47. Nxb4+ Kb7 48. Rc4 Rh4+ 49. Kd5 Rxc4 50. Kxc4 1/2-1/2

[Event "Verbandsliga Nordbaden 1617"]
[Site "Baden"]
[Date "2017.02.12"]
[Round "6.4"]
[White "Pfleger, Michael"]
[Black "Wiesner, Paula"]
[Result "1-0"]
[WhiteElo "2194"]
[BlackElo "2116"]
[PlyCount "105"]
[EventDate "2016.10.09"]
[EventType "team-tourn"]
[EventRounds "9"]
[EventCountry "GER"]
[SourceTitle "EXT 2022"]
[Source "ChessBase"]
[SourceDate "2021.10.06"]
[SourceVersion "1"]
[SourceVersionDate "2021.10.06"]
[SourceQuality "1"]
[WhiteTeam "Bad Mergentheim II"]
[BlackTeam "Karlsruhe II"]
[WhiteTeamCountry "GER"]
[BlackTeamCountry "GER"]

1. c4 e6 2. e4 d5 3. cxd5 exd5 4. exd5 Nf6 5. Bb5+ Nbd7 6. Nc3 Be7 7. Nf3 0-0 8. 0-0 Nb6 9. d4 Nbxd5 10. h3 c6 11. Bd3 Qc7 12. Re1 Bb4 13. Nxd5 Nxd5 14. Re5 Bd6 15. Re2 h6 16. Ne5 c5 17. Bc4 Be6 18. Bxd5 Bxd5 19. dxc5 Bxe5 20. Qxd5 Rfe8 21. Be3 Rad8 22. Qc4 Rd7 23. Rae1 Red8 24. Qc2 Rd3 25. b4 Bc3 26. Bf4 Qd7 27. Bd6 Bxe1 28. Qxd3 Bxb4 29. Qb3 Ba5 30. Re7 Qf5 31. Qxb7 Bc3 32. Qb3 Bd4 33. Qf3 Qxf3 34. gxf3 Rc8 35. Re2 Rc6 36. Rc2 Kh7 37. Rc4 Bb2 38. Kf1 Kg6 39. Ke2 Kf6 40. f4 Ke6 41. Re4+ Kf6 42. Ra4 a6 43. Kd3 Ke6 44. Kc4 Bf6 45. f5+ Kd7 46. Kd5 Bc3 47. Rc4 Bd2 48. Re4 Bg5 49. f4 Bf6 50. Rb4 Rc8 51. Rb7+ Kd8 52. Rxf7 Ke8 53. Ke6 1-0

[Event "GER-chT U20 Girls"]
[Site "Borken"]
[Date "2016.12.28"]
[Round "3.1"]
[White "Gamisch, Laura"]
[Black "Wiesner, Paula"]
[Result "1-0"]
[WhiteElo "1759"]
[BlackElo "1997"]
[PlyCount "75"]
[EventDate "2016.12.27"]
[EventType "team-swiss"]
[EventRounds "7"]
[EventCountry "GER"]
[SourceTitle "EXT 2018"]
[Source "ChessBase"]
[SourceDate "2017.10.13"]
[SourceVersion "1"]
[SourceVersionDate "2017.10.13"]
[SourceQuality "1"]
[WhiteTeam "Forstenried"]
[BlackTeam "Karlsruhe SF"]
[WhiteTeamCountry "GER"]
[BlackTeamCountry "GER"]

1. d4 e6 2. c4 Bb4+ 3. Bd2 a5 4. g3 Nf6 5. Bg2 0-0 6. Nf3 d6 7. 0-0 Bxd2 8. Nbxd2 Qe7 9. Qc2 e5 10. e4 Nbd7 11. Rfe1 exd4 12. Nxd4 Nc5 13. N2b3 Nxb3 14. Qxb3 c6 15. Rad1 Qc7 16. Ne2 Be6 17. Nf4 Rfe8 18. Rd4 Rab8 19. a4 Nd7 20. Red1 Nc5 21. Qc2 Red8 22. b3 b5 23. Nxe6 Nxe6 24. R4d2 bxa4 25. bxa4 Rb4 26. c5 dxc5 27. Rxd8+ Nxd8 28. Qxc5 Ne6 29. Qc2 c5 30. Bh3 Nd4 31. Qa2 Qc6 32. Qd5 g6 33. Rxd4 Rb1+ 34. Kg2 Qxd5 35. Rxd5 c4 36. Rxa5 c3 37. Rc5 Ra1 38. Bd7 1-0

[Event "Verbandsliga Nordbaden 1617"]
[Site "Baden"]
[Date "2016.11.20"]
[Round "3.8"]
[White "Wiesner, Paula"]
[Black "Hartmann, Martin"]
[Result "0-1"]
[WhiteElo "2116"]
[BlackElo "1974"]
[PlyCount "54"]
[EventDate "2016.10.09"]
[EventType "team-tourn"]
[EventRounds "9"]
[EventCountry "GER"]
[SourceTitle "EXT 2022"]
[Source "ChessBase"]
[SourceDate "2021.10.06"]
[SourceVersion "1"]
[SourceVersionDate "2021.10.06"]
[SourceQuality "1"]
[WhiteTeam "Karlsruhe"]
[BlackTeam "Pforzheim"]
[WhiteTeamCountry "GER"]
[BlackTeamCountry "GER"]

1. d4 d5 2. c4 e6 3. Nc3 c5 4. cxd5 cxd4 5. Qa4+ Bd7 6. Qxd4 exd5 7. Qxd5 Nc6 8. Nf3 Nf6 9. Qd1 Bc5 10. e3 Qe7 11. Be2 0-0-0 12. 0-0 g5 13. b4 Bxb4 14. Bb2 Rhg8 15. a3 Bc5 16. Rc1 g4 17. Nd4 g3 18. hxg3 Rxg3 19. Bf3 Bg4 20. Nxc6 bxc6 21. Bxg4+ Nxg4 22. Qa4 Qh4 23. Qxc6+ Kb8 24. Qb5+ Bb6 25. Rfd1 Qh2+ 26. Kf1 Qxg2+ 27. Ke2 Rxe3# 0-1

[Event "GER-chT Lands U20"]
[Site "Hannover"]
[Date "2016.10.03"]
[Round "4.5"]
[White "Wiesner, Paula"]
[Black "Krastev, Alexander"]
[Result "0-1"]
[WhiteElo "2037"]
[BlackElo "1889"]
[PlyCount "104"]
[EventDate "2016.10.01"]
[EventType "team-swiss"]
[EventRounds "7"]
[EventCountry "GER"]
[SourceTitle "CBM 174 Extra"]
[Source "ChessBase"]
[SourceDate "2016.10.10"]
[SourceVersion "1"]
[SourceVersionDate "2016.10.10"]
[SourceQuality "1"]
[WhiteTeam "Baden"]
[BlackTeam "Hessen"]
[WhiteTeamCountry "GER"]
[BlackTeamCountry "GER"]

1. d4 Nf6 2. c4 c5 3. Nf3 g6 4. Nc3 Bg7 5. e4 cxd4 6. Nxd4 d6 7. Be2 0-0 8. 0-0 Nc6 9. Be3 Bd7 10. f3 a5 11. Qd2 Nxd4 12. Bxd4 Bc6 13. Rfd1 a4 14. b4 axb3 15. axb3 Nd7 16. Be3 Rxa1 17. Rxa1 Nc5 18. Qc2 Qb6 19. Rb1 Qb4 20. Bd2 Bd4+ 21. Kh1 Qb6 22. b4 Ne6 23. b5 Bd7 24. Nd5 Qd8 25. Qd3 Bg7 26. Qa3 Nd4 27. Ba5 Qe8 28. Bd3 Be6 29. Nb6 Qb8 30. Rd1 Qa7 31. Rb1 Kh8 32. Rb4 Kg8 33. Ra4 h6 34. Qb4 Kh7 35. Ra3 Bf6 36. Qb1 Bg7 37. f4 f5 38. exf5 Bxf5 39. Bxf5 Nxf5 40. Qe4 h5 41. Qd3 Bb2 42. Ra2 Bd4 43. Nd7 Rd8 44. Bxd8 Qxa2 45. Qf1 Ne3 46. Qg1 Ng4 47. Qf1 Nf2+ 48. Kg1 Nd3+ 49. Kh1 Qxc4 50. Qb1 Nf2+ 51. Kg1 Nd1+ 52. Kh1 Qf1# 0-1

[Event "EU-chT U18 Girls"]
[Site "Celje"]
[Date "2016.07.14"]
[Round "5.2"]
[White "Wiesner, Paula"]
[Black "Suchomelova, Simona"]
[Result "1-0"]
[WhiteElo "2060"]
[BlackElo "1812"]
[PlyCount "53"]
[EventDate "2016.07.10"]
[EventType "team-swiss"]
[EventRounds "7"]
[EventCountry "SLO"]
[SourceTitle "CBM 173 Extra"]
[Source "ChessBase"]
[SourceDate "2016.08.29"]
[SourceVersion "1"]
[SourceVersionDate "2016.08.29"]
[SourceQuality "1"]
[WhiteTeam "Germany U18 Girls"]
[BlackTeam "Czech Republic U18 Girls II"]
[WhiteTeamCountry "GER"]
[BlackTeamCountry "CZE"]

1. d4 Nf6 2. c4 g6 3. Nc3 Bg7 4. e4 d6 5. Be2 0-0 6. Bg5 c5 7. d5 h6 8. Bf4 a6 9. Qd2 Kh7 10. h3 Bd7 11. a4 Qa5 12. Nf3 b5 13. e5 b4 14. Nd1 Ne4 15. Qe3 dxe5 16. Nxe5 f5 17. Bd3 b3+ 18. Kf1 Qb4 19. g4 e6 20. gxf5 exf5 21. Rg1 Re8 22. Bxe4 Bxe5 23. Bxe5 fxe4 24. Rxg6 Qxc4+ 25. Ke1 Kxg6 26. Qg3+ Kf5 27. Ne3# 1-0